00943cam a2200217 a 4500008004100000010001600041020002800057040001800085041001300103043001200116050002200128082002400150100004700174245016400221260005500385300003500440500013300475504006400608650002800672700002500700930419s1993 utub b 001 0 eng  a 93004383 a0874804280 (alk. paper) aDLCcDLCdDLC1 aenghota aa-tu---00aBP63.T8bK67 199300a297/.09561/09022201 aKèoprèulèu, Mehmet Fuat,d1890-1966.10aIslam in Anatolia after the Turkish invasion :b(prolegomena) /cby Mehmed Fuad Kèoprèulèu ; translated, edited, and with an introduction by Gary Leiser. aSalt Lake City :bUniversity of Utah Press,c1993. axviii, 141 p. :bmap ;c24 cm. aOriginally published in Darèulfèunèun Edebiyat Fakèultesi mecmuas ̧no. 2 (1922) under title: Anadolu'da çIslهamiyet. aIncludes bibliographical references (p. 125-136) and index. 0aIslamzTurkeyxHistory.1 aLeiser, Gary,d1946-